National Anthem of Germany - ''Deutschlandlied'' - Statistics

General Stats
  • This quiz has been taken 332 times
    324 since last reset
  • The average score is 34 of 44
Answer Stats
Answer % Correct
und
100%
Recht
99%
Einigkeit
98%
und
98%
Freiheit
97%
das
96%
deutsche
96%
Für
96%
Vaterland!
96%
alle
83%
Brüderlich
81%
lasst
81%
mit
81%
und
81%
uns
81%
Hand!
80%
Herz
80%
Danach
78%
streben
77%
und
77%
und
77%
Recht
76%
Einigkeit
75%
Freiheit
75%
des
72%
Glückes
72%
Sind
72%
Blüh'
70%
im
69%
Vaterland!
69%
Vaterland!
68%
deutsches
67%
deutsches
67%
dieses
67%
Glanze
67%
Glückes,
67%
Blüh'
66%
Blühe
66%
Unterpfand
66%
Blühe
65%
dieses
65%
Glanze
65%
Glückes,
65%
im
65%
No matching quizzes found
Score Distribution
Percent of People with Each Score
Percentile by Number Answered
Your Score History
You have not taken this quiz since the last reset